[Event "CZE-ch Betsys Online Blitz"]
[Site "Chess.com INT"]
[Date "2021.04.17"]
[Round "6"]
[White "Duriancik, Michal"]
[Black "Voracek, Miroslav"]
[Result "1-0"]
[WhiteElo "1663"]
[BlackElo "2226"]
[PlyCount "35"]
[EventDate "2021.04.17"]
[EventType "swiss (blitz)"]
[EventRounds "13"]
[EventCountry "CZE"]
[SourceTitle "CBM 201 Extra"]
[Source "ChessBase"]
[SourceDate "2021.05.31"]
[SourceVersion "1"]
[SourceVersionDate "2021.05.31"]
[SourceQuality "1"]

1. e4 e5 2. Nf3 Nf6 3. Bc4 Nxe4 4. Nc3 Nxc3 5. dxc3 f6 6. Nh4 g6 7. f4 Qe7 8. 0-0 Qc5+ 9. Kh1 Qxc4 10. fxe5 Qxh4 11. exf6 Bd6 12. f7+ Kd8 13. h3 Qg3 14. Kg1 b6 15. Qd5 Nc6 16. Bg5+ Ne7 17. f8Q+ Rxf8 18. Rxf8# 1-0

[Event "CZE-ch Betsys Online Blitz"]
[Site "Chess.com INT"]
[Date "2021.04.17"]
[Round "12"]
[White "Hrazdira, Matyas Josef"]
[Black "Voracek, Miroslav"]
[Result "1-0"]
[WhiteElo "1679"]
[BlackElo "2226"]
[PlyCount "99"]
[EventDate "2021.04.17"]
[EventType "swiss (blitz)"]
[EventRounds "13"]
[EventCountry "CZE"]
[SourceTitle "CBM 201 Extra"]
[Source "ChessBase"]
[SourceDate "2021.05.31"]
[SourceVersion "1"]
[SourceVersionDate "2021.05.31"]
[SourceQuality "1"]

1. e4 e5 2. Nf3 Nf6 3. d4 Nxe4 4. Bd3 d5 5. Nxe5 Nd7 6. 0-0 Nxe5 7. dxe5 Be7 8. Nd2 Nxd2 9. Bxd2 0-0 10. f4 c5 11. c3 f6 12. Qh5 f5 13. Rf3 g6 14. Qh6 Rf7 15. Re1 Be6 16. Qh3 d4 17. c4 Rc8 18. b3 Bf8 19. Rff1 Qd7 20. Be2 a6 21. Qd3 Rb8 22. a4 b6 23. Bf3 Bh6 24. g3 Bf8 25. Bg2 b5 26. axb5 axb5 27. Ra1 bxc4 28. bxc4 Re7 29. Ra6 Qe8 30. Rfa1 Kg7 31. Bd5 Qf7 32. Qf3 Rb2 33. Be1 Rc2 34. Qd3 Rb2 35. Qf3 Bxd5 36. cxd5 c4 37. d6 Reb7 38. Rc6 d3 39. Bc3 Rb1+ 40. Rxb1 Rxb1+ 41. Kg2 Rc1 42. e6+ Rxc3 43. exf7 Rc2+ 44. Kh3 d2 45. Qd5 c3 46. d7 Rc1 47. Rxc3 d1Q 48. Qe5+ Kh6 49. d8Q Qxd8 50. Rxc1 1-0

[Event "CZE-ch Betsys Online Blitz"]
[Site "Chess.com INT"]
[Date "2021.04.17"]
[Round "11"]
[White "Voracek, Miroslav"]
[Black "Benes, Miroslav"]
[Result "0-1"]
[WhiteElo "2226"]
[BlackElo "1977"]
[PlyCount "34"]
[EventDate "2021.04.17"]
[EventType "swiss (blitz)"]
[EventRounds "13"]
[EventCountry "CZE"]
[SourceTitle "CBM 201 Extra"]
[Source "ChessBase"]
[SourceDate "2021.05.31"]
[SourceVersion "1"]
[SourceVersionDate "2021.05.31"]
[SourceQuality "1"]

1. e4 c5 2. Nf3 d6 3. d4 cxd4 4. Nxd4 Nf6 5. Nc3 g6 6. Bg5 Bg7 7. f3 0-0 8. Qd2 Nc6 9. 0-0-0 d5 10. Nb3 dxe4 11. Qf4 Qb6 12. fxe4 Ng4 13. Nd5 Qf2 14. Qc7 Be5 15. Be3 Nxe3 16. Nxe7+ Kg7 17. Rd2 Qxd2+ 0-1

[Event "CZE-ch Betsys Online Blitz"]
[Site "Chess.com INT"]
[Date "2021.04.17"]
[Round "10"]
[White "Voracek, Miroslav"]
[Black "Obsivac, Josef"]
[Result "0-1"]
[WhiteElo "2226"]
[BlackElo "2255"]
[PlyCount "86"]
[EventDate "2021.04.17"]
[EventType "swiss (blitz)"]
[EventRounds "13"]
[EventCountry "CZE"]
[SourceTitle "CBM 201 Extra"]
[Source "ChessBase"]
[SourceDate "2021.05.31"]
[SourceVersion "1"]
[SourceVersionDate "2021.05.31"]
[SourceQuality "1"]

1. e4 c5 2. Nf3 d6 3. d4 cxd4 4. Nxd4 Nf6 5. Nc3 a6 6. Bg5 Nbd7 7. f4 Qc7 8. Qf3 h6 9. Bh4 g5 10. Bg3 gxf4 11. Bxf4 e6 12. 0-0-0 Be7 13. Kb1 Ne5 14. Qg3 Rg8 15. Qe3 Neg4 16. Qf3 e5 17. Nf5 Bxf5 18. exf5 exf4 19. Qxf4 0-0-0 20. Be2 Ne5 21. g3 h5 22. Rhe1 Kb8 23. Bf1 Rc8 24. Qa4 Rg4 25. Qb3 h4 26. Be2 Rg5 27. gxh4 Rxf5 28. Bxa6 Rf2 29. Be2 Bf8 30. Rf1 Rxf1 31. Rxf1 Nfd7 32. Nd5 Qc5 33. Ba6 Qa7 34. Be2 Rc5 35. Rd1 Bg7 36. h5 Bh6 37. h4 Ra5 38. a3 Nc5 39. Qg3 Ka8 40. Nc7+ Kb8 41. Rxd6 Kxc7 42. Qxe5 Nd7 43. Rd5+ Kd8 0-1

[Event "EU-ch Online U2300 Qual"]
[Site "Chess.com INT"]
[Date "2020.05.25"]
[Round "1"]
[White "Fajdetic, Hrvoje"]
[Black "Voracek, Miroslav"]
[Result "1-0"]
[WhiteElo "2151"]
[BlackElo "2226"]
[PlyCount "113"]
[EventDate "2020.05.25"]
[EventType "swiss"]
[EventRounds "8"]
[EventCountry "NET"]
[SourceTitle "EXT 2021"]
[Source "ChessBase"]
[SourceDate "2020.10.23"]
[SourceVersion "1"]
[SourceVersionDate "2020.10.23"]
[SourceQuality "1"]

1. d4 d5 2. Bf4 Bf5 3. c4 c6 4. e3 e6 5. Nc3 Nf6 6. Qb3 Qb6 7. c5 Qxb3 8. axb3 Nbd7 9. b4 Be7 10. b5 0-0 11. bxc6 bxc6 12. Ba6 e5 13. Bg3 Rab8 14. Ra2 Rb4 15. Nge2 Nh5 16. 0-0 Nxg3 17. Nxg3 Bc2 18. Rc1 Bb3 19. Ra3 exd4 20. exd4 Rfb8 21. Nge2 Bf6 22. Kf1 Nf8 23. Bd3 Bxd4 24. Rxb3 Rxb3 25. Nxd4 Rxb2 26. Nxc6 Ra8 27. Ne7+ Kh8 28. c6 Ne6 29. Ncxd5 g6 30. c7 Nxc7 31. Nxc7 Rd8 32. Ncd5 Kg7 33. g3 a5 34. Ra1 Rb7 35. Be4 Rxe7 36. Nxe7 Re8 37. Rxa5 Rxe7 38. Bf3 Rc7 39. Kg2 h6 40. Rb5 Rd7 41. Rb7 Rd3 42. h4 g5 43. h5 Kf6 44. Rb6+ Kg7 45. Be4 Rd4 46. Kf3 Ra4 47. Rb7 Ra3+ 48. Kg2 Ra5 49. Bg6 Kf6 50. Rxf7+ Ke6 51. Rh7 Ra4 52. Rxh6 Ke5 53. Rh8 Kf6 54. Be8 Ra8 55. h6 Rb8 56. Rg8 Rb7 57. Bg6 1-0

[Event "EU-ch Online U2300 Qual"]
[Site "Chess.com INT"]
[Date "2020.05.25"]
[Round "3"]
[White "Popadic, Dragan"]
[Black "Voracek, Miroslav"]
[Result "1-0"]
[WhiteElo "2180"]
[BlackElo "2226"]
[PlyCount "51"]
[EventDate "2020.05.25"]
[EventType "swiss"]
[EventRounds "8"]
[EventCountry "NET"]
[SourceTitle "EXT 2021"]
[Source "ChessBase"]
[SourceDate "2020.10.23"]
[SourceVersion "1"]
[SourceVersionDate "2020.10.23"]
[SourceQuality "1"]

1. e4 c5 2. Nc3 Nc6 3. f4 e6 4. Nf3 Nge7 5. Bb5 g6 6. 0-0 Bg7 7. Bxc6 Nxc6 8. d3 0-0 9. Qe1 Nd4 10. Qf2 d5 11. Kh1 dxe4 12. Nxe4 b6 13. Ne5 Bb7 14. Be3 Nf5 15. Bd2 Rc8 16. Qe1 Qd4 17. Bc3 Qe3 18. Nd7 Qxe1 19. Raxe1 Rfd8 20. Ndf6+ Kh8 21. Ng5 Rc7 22. Be5 Re7 23. Ngxh7 Nd4 24. Re3 Rd5 25. Nxd5 Bxd5 26. Nf6 1-0

[Event "EU-ch Online U2300 Qual"]
[Site "Chess.com INT"]
[Date "2020.05.25"]
[Round "2"]
[White "Voracek, Miroslav"]
[Black "Akca, Gani Eren"]
[Result "0-1"]
[WhiteElo "2226"]
[BlackElo "2142"]
[PlyCount "92"]
[EventDate "2020.05.25"]
[EventType "swiss"]
[EventRounds "8"]
[EventCountry "NET"]
[SourceTitle "EXT 2021"]
[Source "ChessBase"]
[SourceDate "2020.10.23"]
[SourceVersion "1"]
[SourceVersionDate "2020.10.23"]
[SourceQuality "1"]

1. e4 e5 2. Nf3 Nc6 3. d4 exd4 4. Nxd4 Bc5 5. Nxc6 Qf6 6. Qd2 dxc6 7. Nc3 Be6 8. Bd3 0-0-0 9. 0-0 a6 10. Qe2 Kb8 11. e5 Qh4 12. Ne4 Be7 13. f4 Nh6 14. Be3 f5 15. Nc5 Bc8 16. Bf2 Qg4 17. Qe3 b6 18. Nxa6+ Bxa6 19. Bxa6 Bc5 20. Qc3 Rd5 21. Bc4 Bxf2+ 22. Rxf2 Rd1+ 23. Rxd1 Qxd1+ 24. Rf1 Qd7 25. e6 Qd6 26. Qxg7 Qc5+ 27. Kh1 Rg8 28. Qxh6 Qxc4 29. Re1 Qxc2 30. Rg1 Qe4 31. Qxh7 Re8 32. e7 Rxe7 33. Qg8+ Kb7 34. Qg5 Rd7 35. h4 Rd4 36. Rf1 Qe2 37. Rf3 Rd1+ 38. Kh2 Qe1 39. Ra3 Qh1+ 40. Kg3 Qe1+ 41. Kh3 Qh1+ 42. Kg3 Qe1+ 43. Kh2 Qg1+ 44. Kg3 Re1 45. h5 Re2 46. Kf3 Qf2# 0-1

[Event "CZE-chT2C 1516"]
[Site "Czech Republic"]
[Date "2016.01.10"]
[Round "5.4"]
[White "Dvorak, Jan"]
[Black "Voracek, Miroslav"]
[Result "1-0"]
[WhiteElo "2171"]
[BlackElo "2204"]
[PlyCount "81"]
[EventDate "2015.10.18"]
[EventType "team-tourn"]
[EventRounds "11"]
[EventCountry "CZE"]
[SourceTitle "EXT 2022"]
[Source "ChessBase"]
[SourceDate "2021.10.06"]
[SourceVersion "1"]
[SourceVersionDate "2021.10.06"]
[SourceQuality "1"]
[WhiteTeam "Praha Vrsovice"]
[BlackTeam "Ricany"]
[WhiteTeamCountry "CZE"]
[BlackTeamCountry "CZE"]

1. Nf3 Nf6 2. c4 d6 3. Nc3 e5 4. g3 Be6 5. Bg2 Nc6 6. d3 Be7 7. Rb1 0-0 8. 0-0 Qd7 9. b4 Bh3 10. b5 Nd4 11. Nxd4 Bxg2 12. Kxg2 exd4 13. Nd5 Nxd5 14. cxd5 a6 15. bxa6 b6 16. Bb2 Rxa6 17. Qb3 Bf6 18. Rfc1 Rfa8 19. a3 Re8 20. Qc4 Ra7 21. Rc2 Re5 22. Bxd4 Rh5 23. h4 Rxh4 24. gxh4 Qg4+ 25. Kf1 Bxd4 26. e3 Qxh4 27. Re1 Qh3+ 28. Ke2 Bc5 29. a4 b5 30. Qe4 g6 31. Rh1 Qd7 32. axb5 Qxb5 33. Qh4 h5 34. Rg1 Qb3 35. Qc4 Qa3 36. Qb5 Ra5 37. Qb8+ Kh7 38. Qf8 Qb3 39. Qxf7+ Kh8 40. Qe8+ Kh7 41. Qxg6+ 1-0

[Event "CZE-chT2C 1415"]
[Site "Czech Republic"]
[Date "2014.11.30"]
[Round "3.3"]
[White "Mejzlik, Vojtech"]
[Black "Voracek, Miroslav"]
[Result "1-0"]
[WhiteElo "2210"]
[BlackElo "2212"]
[PlyCount "99"]
[EventDate "2014.11.02"]
[EventType "team-tourn"]
[EventRounds "11"]
[EventCountry "CZE"]
[SourceTitle "EXT 2022"]
[Source "ChessBase"]
[SourceDate "2021.10.06"]
[SourceVersion "1"]
[SourceVersionDate "2021.10.06"]
[SourceQuality "1"]
[WhiteTeam "Dolni Kralovice"]
[BlackTeam "Ricany"]
[WhiteTeamCountry "CZE"]
[BlackTeamCountry "CZE"]

1. c4 Nf6 2. Nc3 g6 3. e4 d6 4. g3 Bg7 5. Bg2 c5 6. Nge2 Bg4 7. f3 Be6 8. d3 Nc6 9. 0-0 0-0 10. Nd5 Qc8 11. Nef4 Bd7 12. Rb1 e6 13. Nxf6+ Bxf6 14. Bh3 a6 15. b3 b5 16. Bb2 Bd4+ 17. Bxd4 Nxd4 18. Ne2 e5 19. Bxd7 Qxd7 20. Nxd4 exd4 21. f4 f5 22. Qf3 Qb7 23. exf5 Qxf3 24. Rxf3 gxf5 25. Rff1 Rfe8 26. Rfe1 Kf7 27. Kf2 b4 28. Rxe8 Rxe8 29. Re1 Rb8 30. Kf3 a5 31. h3 a4 32. g4 Ra8 33. gxf5 axb3 34. axb3 Ra2 35. Re6 Rb2 36. Rxd6 Rxb3 37. Ke4 Rb1 38. Rd7+ Kf6 39. Rd6+ Kf7 40. Kd5 b3 41. Rb6 b2 42. Kxc5 Rd1 43. Rxb2 Rxd3 44. Kd6 Kf6 45. c5 Kxf5 46. c6 Rxh3 47. c7 Rc3 48. Rb5+ Kxf4 49. Rc5 Ke3 50. c8Q 1-0

[Event "CZE-chT2C 1314"]
[Site "Czech Republic"]
[Date "2013.12.15"]
[Round "4.3"]
[White "Hruby, Milan"]
[Black "Voracek, Miroslav"]
[Result "1-0"]
[WhiteElo "2080"]
[BlackElo "2238"]
[PlyCount "77"]
[EventDate "2013.11.03"]
[EventType "team-tourn"]
[EventRounds "11"]
[EventCountry "CZE"]
[SourceTitle "EXT 2015"]
[Source "ChessBase"]
[SourceDate "2014.11.20"]
[SourceVersion "1"]
[SourceVersionDate "2014.11.20"]
[SourceQuality "1"]
[WhiteTeam "Tabor"]
[BlackTeam "Ricany"]
[WhiteTeamCountry "CZE"]
[BlackTeamCountry "CZE"]

1. d4 d5 2. c4 c6 3. Nf3 Nf6 4. Nc3 dxc4 5. a4 Bf5 6. Ne5 Nbd7 7. Nxc4 e6 8. g3 Bb4 9. Bg2 0-0 10. 0-0 Re8 11. Qb3 Bxc3 12. bxc3 Nb6 13. a5 Nxc4 14. Qxc4 Rc8 15. Bf4 Bg6 16. Rfe1 Nd5 17. Bd2 c5 18. dxc5 Qe7 19. e4 Nf6 20. Qb4 Qxc5 21. Qxc5 Rxc5 22. Be3 Rxc3 23. Bxa7 Rec8 24. Rab1 R8c7 25. Bb6 Rd7 26. Rbc1 Rxc1 27. Rxc1 h6 28. f3 Kh7 29. Bf1 Rd2 30. Rc7 Rd7 31. Bb5 Rd1+ 32. Kf2 Rd2+ 33. Ke3 Rxh2 34. Rxb7 Rb2 35. Bd3 e5 36. a6 Ra2 37. a7 Bh5 38. Rb8 Bxf3 39. Kxf3 1-0

[Event "CZE-chT2C 1213"]
[Site "Czech Republic"]
[Date "2013.02.17"]
[Round "9.2"]
[White "Kratochvil, Jakub"]
[Black "Voracek, Miroslav"]
[Result "1-0"]
[WhiteElo "2140"]
[BlackElo "2269"]
[PlyCount "167"]
[EventDate "2012.10.14"]
[EventType "team-tourn"]
[EventRounds "11"]
[EventCountry "CZE"]
[SourceTitle "EXT 2015"]
[Source "ChessBase"]
[SourceDate "2014.11.20"]
[SourceVersion "1"]
[SourceVersionDate "2014.11.20"]
[SourceQuality "1"]
[WhiteTeam "Pankrac II"]
[BlackTeam "Ricany"]
[WhiteTeamCountry "CZE"]
[BlackTeamCountry "CZE"]

1. e4 e6 2. d4 d5 3. Nc3 Nf6 4. e5 Nfd7 5. f4 c5 6. Nf3 Nc6 7. Be3 a6 8. Qd2 b5 9. Be2 Bb7 10. 0-0 Rc8 11. dxc5 Bxc5 12. a3 Qb6 13. Bxc5 Qxc5+ 14. Kh1 Nb6 15. Rad1 0-0 16. Nd4 Nxd4 17. Qxd4 Nc4 18. Bxc4 Qxc4 19. Rf2 Rc7 20. Rfd2 Qxd4 21. Rxd4 Rfc8 22. Kg1 Kf8 23. Kf2 Rc5 24. R1d2 a5 25. g3 Ba6 26. h4 Ke7 27. Ke3 Rb8 28. Na2 Rc7 29. Rf2 f6 30. Kd2 Rf8 31. exf6+ gxf6 32. f5 Rg8 33. fxe6 Rxg3 34. Rxd5 Kxe6 35. Rd4 Rc5 36. Nc3 f5 37. Ne2 Rg4 38. Nf4+ Ke5 39. c3 b4 40. axb4 axb4 41. Rxb4 Rc6 42. Rd4 Rh6 43. h5 Rg1 44. Rd5+ Ke4 45. Rd8 Ke5 46. Kc2 Rd6 47. Rxd6 Kxd6 48. b4 Bc4 49. Rd2+ Kc6 50. Rd4 Kb5 51. Rd2 Ra1 52. Nd3 Rh1 53. Ne5 Rxh5 54. Nxc4 Kxc4 55. Rf2 Rg5 56. Rf4+ Kd5 57. Kb3 Ke5 58. Rf1 Ke4 59. b5 f4 60. c4 f3 61. b6 Rg8 62. Kb4 Ke3 63. c5 Ke2 64. Rxf3 Kxf3 65. c6 h5 66. c7 Rc8 67. b7 Rxc7 68. b8Q Rc1 69. Qb7+ Kg3 70. Qg7+ Kf3 71. Qf6+ Ke4 72. Qg6+ Kd4 73. Qg7+ Ke4 74. Qg2+ Kf5 75. Qf3+ Kg6 76. Qe4+ Kg7 77. Qe7+ Kg6 78. Qe8+ Kf6 79. Qxh5 Rc2 80. Qf3+ Kg7 81. Qg4+ Kf6 82. Qd4+ Kf7 83. Qf4+ Ke7 84. Qe4+ 1-0

[Event "CZE-chT2C 1213"]
[Site "Czech Republic"]
[Date "2012.12.16"]
[Round "5.2"]
[White "Borkovec, Milan"]
[Black "Voracek, Miroslav"]
[Result "1-0"]
[WhiteElo "2156"]
[BlackElo "2269"]
[PlyCount "67"]
[EventDate "2012.10.14"]
[EventType "team-tourn"]
[EventRounds "11"]
[EventCountry "CZE"]
[SourceTitle "EXT 2015"]
[Source "ChessBase"]
[SourceDate "2014.11.20"]
[SourceVersion "1"]
[SourceVersionDate "2014.11.20"]
[SourceQuality "1"]
[WhiteTeam "Tabor"]
[BlackTeam "Ricany"]
[WhiteTeamCountry "CZE"]
[BlackTeamCountry "CZE"]

1. e4 c5 2. Nf3 e6 3. d4 cxd4 4. Nxd4 Nf6 5. Bd3 Nc6 6. Nb3 d5 7. exd5 Nxd5 8. 0-0 Bd6 9. c4 Ndb4 10. Be4 Bxh2+ 11. Kxh2 Qh4+ 12. Kg1 Qxe4 13. Nc3 Qxc4 14. Qd6 e5 15. Rd1 Be6 16. Bg5 Qg4 17. Nb5 f6 18. f3 Qc4 19. Rac1 Rd8 20. Qxd8+ Nxd8 21. Nd6+ Ke7 22. Nxc4 fxg5 23. Nxe5 Nxa2 24. Rc7+ Kf6 25. Nd7+ Kg6 26. Ndc5 Bc4 27. Rd6+ Kh5 28. g4+ Kh4 29. Kf2 Re8 30. Ne4 Bxb3 31. Rxg7 h5 32. Rh6 Bf7 33. Rxf7 Rxe4 34. Rxh5# 1-0

[Event "CZE-chT2C 1112"]
[Site "Czech Republic"]
[Date "2012.03.25"]
[Round "10.3"]
[White "Safarik, Jakub"]
[Black "Voracek, Miroslav"]
[Result "0-1"]
[WhiteElo "2093"]
[BlackElo "2210"]
[PlyCount "65"]
[EventDate "2011.10.09"]
[EventType "team-tourn"]
[EventRounds "11"]
[EventCountry "CZE"]
[SourceTitle "EXT 2013"]
[Source "ChessBase"]
[SourceDate "2012.11.22"]
[SourceVersion "1"]
[SourceVersionDate "2012.11.22"]
[SourceQuality "1"]
[WhiteTeam "Horice"]
[BlackTeam "Ricany"]
[WhiteTeamCountry "CZE"]
[BlackTeamCountry "CZE"]

1. d4 Nf6 2. Bg5 g6 3. Nc3 Bg7 4. e4 d6 5. Qd2 c6 6. 0-0-0 b5 7. f3 b4 8. Nce2 Qa5 9. Kb1 Be6 10. a3 c5 11. dxc5 dxc5 12. Nf4 Nc6 13. Nxe6 fxe6 14. Bxf6 Rd8 15. Qxd8+ Nxd8 16. Bxg7 Rg8 17. Bh6 g5 18. axb4 Qxb4 19. h4 c4 20. c3 Qa4 21. Re1 Nc6 22. Ne2 Kf7 23. Bxg5 Rb8 24. Nc1 Na5 25. Be2 Qa3 26. b4 cxb3 27. Bd3 Rc8 28. Bd2 Rc4 29. Ne2 Qa2+ 30. Kc1 b2+ 31. Kd1 Qb3+ 32. Bc2 b1Q+ 33. Nc1 0-1

[Event "CZE-chT2C 1112"]
[Site "Czech Republic"]
[Date "2012.02.19"]
[Round "8.4"]
[White "Kopta, Pavel"]
[Black "Voracek, Miroslav"]
[Result "1-0"]
[WhiteElo "2299"]
[BlackElo "2210"]
[PlyCount "117"]
[EventDate "2011.10.09"]
[EventType "team-tourn"]
[EventRounds "11"]
[EventCountry "CZE"]
[SourceTitle "EXT 2013"]
[Source "ChessBase"]
[SourceDate "2012.11.22"]
[SourceVersion "1"]
[SourceVersionDate "2012.11.22"]
[SourceQuality "1"]
[WhiteTeam "Kobylisy"]
[BlackTeam "Ricany"]
[WhiteTeamCountry "CZE"]
[BlackTeamCountry "CZE"]

1. c4 g6 2. d4 Nf6 3. Nc3 d5 4. Nf3 Bg7 5. e3 0-0 6. b4 Re8 7. Qb3 c6 8. Bb2 Bf5 9. Be2 Na6 10. 0-0 Nc7 11. b5 cxb5 12. cxb5 Nd7 13. Rfd1 Nb6 14. Rac1 Rc8 15. Na4 Ne6 16. Rxc8 Nxc8 17. Ne5 h5 18. h3 Ng5 19. Nc5 b6 20. Ncd3 f6 21. Nc6 Qd7 22. Nf4 e6 23. f3 Nf7 24. g4 hxg4 25. hxg4 g5 26. Nh5 Bg6 27. Ng3 Nfd6 28. Kg2 Kf7 29. a4 Ne7 30. Rc1 Rc8 31. Nxe7 Rxc1 32. Bxc1 Kxe7 33. Ba3 Qc7 34. Nh5 Bh8 35. Bd3 f5 36. Ng3 Kf6 37. Qb4 Nf7 38. gxf5 exf5 39. Qf8 Bg7 40. Qa8 Nd6 41. Qxd5 Bf8 42. Qe5+ Kf7 43. Nxf5 Bxf5 44. Bxf5 Qc4 45. Kg3 Qc7 46. Qe6+ Kg7 47. Qg6+ Kh8 48. Qh5+ Kg8 49. Qxg5+ Bg7 50. Be6+ Kh7 51. Qh5+ Bh6 52. Qe5 Qc3 53. Bxd6 Qe1+ 54. Kg4 Qg1+ 55. Qg3 Qxe3 56. Bf5+ Kg8 57. Bf4 Qxd4 58. Kh5+ Bg7 59. Bh6 1-0

[Event "CZE-chT2C 1112"]
[Site "Czech Republic"]
[Date "2012.02.05"]
[Round "7.4"]
[White "Voracek, Miroslav"]
[Black "Benes, Petr"]
[Result "1-0"]
[WhiteElo "2210"]
[BlackElo "2166"]
[PlyCount "61"]
[EventDate "2011.10.09"]
[EventType "team-tourn"]
[EventRounds "11"]
[EventCountry "CZE"]
[SourceTitle "EXT 2013"]
[Source "ChessBase"]
[SourceDate "2012.11.22"]
[SourceVersion "1"]
[SourceVersionDate "2012.11.22"]
[SourceQuality "1"]
[WhiteTeam "Ricany"]
[BlackTeam "Kolin"]
[WhiteTeamCountry "CZE"]
[BlackTeamCountry "CZE"]

1. e4 d6 2. d4 Nf6 3. Nc3 g6 4. Be3 Bg7 5. h3 0-0 6. f4 c6 7. Bd3 e5 8. Nf3 Nfd7 9. dxe5 dxe5 10. f5 Na6 11. Bxa6 bxa6 12. Qd6 Qa5 13. 0-0 Rb8 14. Rab1 Qb4 15. Qxc6 Nf6 16. a3 Qb7 17. Nxe5 Qe7 18. Qc5 Qxc5 19. Bxc5 Re8 20. Nc6 Rb7 21. e5 Nd7 22. Ne7+ Kh8 23. Bd6 Bxe5 24. Bxe5+ Nxe5 25. f6 Nc4 26. Rbe1 Be6 27. b3 Nxa3 28. Rf2 Nb5 29. Ne4 Rb6 30. Ng5 Nc7 31. Rxe6 1-0

[Event "CZE-chT2C 1112"]
[Site "Czech Republic"]
[Date "2011.10.09"]
[Round "1.4"]
[White "Voracek, Miroslav"]
[Black "Boukal, Petr"]
[Result "1/2-1/2"]
[WhiteElo "2210"]
[BlackElo "2207"]
[PlyCount "89"]
[EventDate "2011.10.09"]
[EventType "team-tourn"]
[EventRounds "11"]
[EventCountry "CZE"]
[SourceTitle "EXT 2013"]
[Source "ChessBase"]
[SourceDate "2012.11.22"]
[SourceVersion "1"]
[SourceVersionDate "2012.11.22"]
[SourceQuality "1"]
[WhiteTeam "Ricany"]
[BlackTeam "Vysehrad II"]
[WhiteTeamCountry "CZE"]
[BlackTeamCountry "CZE"]

1. e4 e6 2. d4 d5 3. Nc3 Bb4 4. e5 c5 5. a3 Bxc3+ 6. bxc3 Qa5 7. Bd2 Qa4 8. Qg4 Kf8 9. c4 Ne7 10. Nf3 Qxc2 11. dxc5 Nbc6 12. Be2 h6 13. Qh5 Qe4 14. Ng5 Qg6 15. Qh3 Qf5 16. Qxf5 Nxf5 17. Nf3 Nfd4 18. Nxd4 Nxd4 19. Bd1 dxc4 20. Rc1 Nb3 21. Rxc4 Nxd2 22. Kxd2 Bd7 23. Bf3 Bc6 24. Rb4 Rd8+ 25. Ke3 Ke7 26. Bxc6 bxc6 27. Rhb1 Rd7 28. a4 Rhd8 29. Rb7 Rxb7 30. Rxb7+ Rd7 31. Rb1 Kd8 32. a5 Kc8 33. a6 Rd5 34. Ke4 Rd2 35. Rb7 Rd7 36. Rb2 Rd1 37. Rb7 Rd7 38. Rxd7 Kxd7 39. Kd4 Ke7 40. Ke4 g6 41. h4 Kf8 42. g4 Kg7 43. f4 Kh7 44. f5 g5 45. h5 1/2-1/2

[Event "CZE-chT2C 0910"]
[Site "Czech Republic"]
[Date "2010.01.31"]
[Round "6.5"]
[White "Voracek, Miroslav"]
[Black "Muron, Miroslav"]
[Result "0-1"]
[WhiteElo "2190"]
[BlackElo "2179"]
[PlyCount "124"]
[EventDate "2009.10.18"]
[EventType "team-tourn"]
[EventRounds "11"]
[EventCountry "CZE"]
[SourceTitle "EXT 2011"]
[Source "ChessBase"]
[SourceDate "2010.11.26"]
[SourceVersion "1"]
[SourceVersionDate "2010.11.26"]
[SourceQuality "1"]
[WhiteTeam "Ricany"]
[BlackTeam "Praha Dukla"]
[WhiteTeamCountry "CZE"]
[BlackTeamCountry "CZE"]

1. e4 e5 2. Nf3 Nc6 3. Bb5 a6 4. Bxc6 dxc6 5. 0-0 f6 6. d4 exd4 7. Nxd4 c5 8. Nf5 Bxf5 9. exf5 Qxd1 10. Rxd1 Bd6 11. Nc3 Ne7 12. g4 h5 13. Ne4 hxg4 14. Nxd6+ cxd6 15. Rxd6 Nxf5 16. Rd5 Nd4 17. Rxc5 Nf3+ 18. Kg2 Rxh2+ 19. Kg3 Rh1 20. b3 Rg1+ 21. Kf4 Nd4 22. Ke4 Ne6 23. Rd5 Kf7 24. Bb2 Rg2 25. Rf1 Re8 26. Rd7+ Kg6 27. Kd5 Nf4+ 28. Kd6 Re2 29. Bd4 Rxc2 30. Be3 Nd3 31. Rxb7 Rxa2 32. f4 Kf5 33. Rxg7 Rge2 34. Bd4 Rad2 35. Bc3 Re6+ 36. Kd7 Nc5+ 37. Kc7 Rc2 38. Ba1 Nxb3+ 39. Kd7 Rd2+ 40. Kc7 Nxa1 41. Rxa1 Rd4 42. Rg8 Kxf4 43. Rf1+ Kg3 44. Rg6 Rf4 45. Rg1+ Kf3 46. Rf1+ Ke4 47. Ra1 Kf5 48. Rg8 Rc4+ 49. Kd7 Rd4+ 50. Kc7 a5 51. Rxa5+ Kf4 52. Rg6 Re7+ 53. Kc6 f5 54. Ra1 Rd3 55. Rf1+ Rf3 56. Rg1 Re2 57. Kd5 Ke3 58. Ra6 g3 59. Ra8 Kf2 60. Raa1 g2 61. Kd4 f4 62. Rab1 Rfe3 0-1

[Event "CZE-chT2C 0809"]
[Site "Czech Republic"]
[Date "2008.12.07"]
[Round "4.1"]
[White "Priehoda, Vitezslav"]
[Black "Voracek, Miroslav"]
[Result "1-0"]
[WhiteElo "2361"]
[BlackElo "2227"]
[PlyCount "85"]
[EventDate "2008.10.12"]
[EventType "team-tourn"]
[EventRounds "11"]
[EventCountry "CZE"]
[SourceTitle "EXT 2010"]
[Source "ChessBase"]
[SourceDate "2010.11.25"]
[SourceVersion "1"]
[SourceVersionDate "2010.11.25"]
[SourceQuality "1"]
[WhiteTeam "Lysa nad Labem II"]
[BlackTeam "Ricany"]
[WhiteTeamCountry "CZE"]
[BlackTeamCountry "CZE"]

1. d4 Nf6 2. c4 g6 3. Nc3 d5 4. Nf3 Bg7 5. cxd5 Nxd5 6. Bd2 0-0 7. Rc1 c6 8. e4 Nb6 9. Be3 Bg4 10. Be2 N8d7 11. b3 f5 12. Ng5 Bxe2 13. Qxe2 f4 14. Ne6 fxe3 15. Nxd8 exf2+ 16. Kf1 Raxd8 17. Rd1 c5 18. dxc5 Nxc5 19. Nd5 e6 20. Nxb6 axb6 21. g3 Rxd1+ 22. Qxd1 Nxe4 23. Qe2 Ng5 24. Kg2 Bd4 25. h4 Nf3 26. Qxe6+ Kg7 27. Qd7+ Rf7 28. Qxf7+ Kxf7 29. Kxf3 Ke6 30. Ke2 h5 31. Rc1 b5 32. Rc7 b6 33. Rc6+ Kf5 34. b4 g5 35. hxg5 Kxg5 36. Rd6 Bc3 37. Rxb6 Kg4 38. Rg6+ Kh3 39. Kxf2 Bxb4 40. Kf3 Be1 41. Rh6 Bxg3 42. Rxh5+ Bh4 43. Rxb5 1-0

[Event "CZE-chT2C 0809"]
[Site "Czech Republic"]
[Date "2008.11.23"]
[Round "3.2"]
[White "Vichnar, David"]
[Black "Voracek, Miroslav"]
[Result "1-0"]
[WhiteElo "2219"]
[BlackElo "2227"]
[PlyCount "97"]
[EventDate "2008.10.12"]
[EventType "team-tourn"]
[EventRounds "11"]
[EventCountry "CZE"]
[SourceTitle "EXT 2010"]
[Source "ChessBase"]
[SourceDate "2010.11.25"]
[SourceVersion "1"]
[SourceVersionDate "2010.11.25"]
[SourceQuality "1"]
[WhiteTeam "Mlada Boleslav"]
[BlackTeam "Ricany"]
[WhiteTeamCountry "CZE"]
[BlackTeamCountry "CZE"]

1. Nf3 Nf6 2. d4 g6 3. Nc3 d5 4. Bf4 Bg7 5. e3 0-0 6. Be2 c5 7. dxc5 Qa5 8. Nd2 Qxc5 9. Nb3 Qb6 10. 0-0 Nc6 11. Nxd5 Nxd5 12. Qxd5 Bxb2 13. Rab1 Rd8 14. Qf3 Bg7 15. Bc4 Rf8 16. Bd5 e5 17. Bg5 h6 18. Bf6 Qb4 19. Nd4 Nxd4 20. exd4 Qxd4 21. Be7 Bg4 22. Qb3 b6 23. h3 Bd7 24. Rbd1 Qa4 25. Qf3 Rac8 26. Bxf8 Rxf8 27. Bb3 Qc6 28. Qxc6 Bxc6 29. Rd6 Rc8 30. Rxg6 Kh7 31. Rg3 f5 32. Rc3 e4 33. Be6 Bxc3 34. Bxf5+ Kg7 35. Bxc8 Kf6 36. Rd1 Ke5 37. Rd8 Bd5 38. a3 Bb2 39. Rh8 Bc1 40. Ba6 Kd4 41. Rd8 Ke5 42. a4 Be6 43. Ra8 e3 44. Rxa7 Kf4 45. Rh7 Bf5 46. Rc7 Be4 47. g3+ Ke5 48. Re7+ Kd4 49. c3+ 1-0